[Event "Oberliga Ost B9798"]
[Site "Germany"]
[Date "1998.??.??"]
[Round "?.3"]
[White "Gebhardt, Ulrich"]
[Black "Baum, Bernd"]
[Result "1-0"]
[WhiteElo "2230"]
[BlackElo "2270"]

1.d4 d5 2.c4 c6 3.Nf3 Nf6 4.Nc3 e6 5.e3 Nbd7 6.Qc2 Bd6 7.Be2 O-O 8.O-O Qe7
9.Rd1 dxc4 10.Bxc4 e5 11.h3 exd4 12.exd4 Nb6 13.Bb3 Be6 14.Bg5 Bxb3 15.Qxb3 Bc7
16.Re1 Qd6 17.Rad1 Rab8 18.Bxf6 Qxf6 19.d5 cxd5 20.Nb5 Bf4 21.Nxa7 Rfe8 22.g3 Bh6
23.Nb5 g6 24.Kg2 Re4 25.Nc3 Rxe1 26.Rxe1 Rd8 27.a4 Nc4 28.Nxd5 Rxd5 29.Qxc4 Rf5
30.Re8+ Bf8 31.Qb4 Qg7 32.Qxb7 h5 33.Qb8 g5 34.Re5  1-0

[Event "Bundesliga 9798"]
[Site "Germany"]
[Date "1998.??.??"]
[Round "?.2"]
[White "Muse, Mladen"]
[Black "Sadler, Matthew"]
[Result "0-1"]
[WhiteElo "2460"]
[BlackElo "2665"]

1.d4 Nf6 2.Nf3 d5 3.c4 e6 4.Nc3 c6 5.e3 Nbd7 6.Qc2 Bd6 7.Bd2 O-O 8.O-O-O c5
9.Kb1 Qe7 10.h3 Nb6 11.Nb5 dxc4 12.Nxd6 Qxd6 13.e4 Qc6 14.dxc5 Qxc5 15.e5 Nfd5
16.Ng5 g6 17.Ne4 Qc7 18.Bh6 Bd7 19.Bxf8 Rxf8 20.Nf6+ Nxf6 21.exf6 Qf4 22.Qc3 Rc8
23.f3 Nd5 24.Qd4 Qxd4 25.Rxd4 b5 26.Be2 Nxf6 27.Rhd1 Nd5 28.f4 Bc6 29.Bf3 Kg7
30.Re1 Kf6 31.Be4 h5 32.g4 Rh8 33.g5+ Kg7 34.h4 Rc8 35.Bh1 Kf8 36.Be4 Rd8  0-1

[Event "Bundesliga 9798"]
[Site "Germany"]
[Date "1998.??.??"]
[Round "?.5"]
[White "Uhlmann, Wolfgang"]
[Black "Mueller, Matthias"]
[Result "1/2-1/2"]
[WhiteElo "2485"]
[BlackElo "2400"]

1.c4 e6 2.Nc3 d5 3.d4 c6 4.e3 Nf6 5.Nf3 Nbd7 6.Qc2 Bd6 7.b3 O-O 8.Be2 e5
9.cxd5 Nxd5 10.Nxd5 cxd5 11.dxe5 Nxe5 12.O-O Nxf3+ 13.Bxf3 Qh4 14.g3 Qf6
15.Bxd5 Bf5 16.Bb2 Bxc2 17.Bxf6 gxf6 18.Bxb7 Rab8 19.Ba6 Ba3 20.Rae1 Rfd8
21.f3 Bd3 22.Bxd3 Rxd3 23.Re2 Rc8 24.e4 Rcc3 25.Kg2 Kf8 26.f4 Re3 27.Rfe1 Rxe2+
28.Rxe2 Bc5 29.Kh3 Re3 30.Rxe3 Bxe3 31.Kg4 Ke7 32.Kf5 Bd4 33.g4 Bc3 34.h4 Be1
35.h5 Bc3 36.g5 fxg5 37.Kxg5 Bg7 38.Kf5 Bc3 39.Kg5 Bg7 40.Kf5 Kd6 41.b4 h6
42.a4 Bc3 43.e5+ Kd5 44.Kf6 Ke4 45.Kxf7 Bxb4 46.e6 Kxf4 47.a5 Kg5 48.e7 Bxe7
49.Kxe7 Kxh5 50.Kd7 Kg4 51.Kc7 h5 52.Kb7 h4 53.Kxa7 h3 54.a6 h2 55.Kb8 h1=Q
56.a7 Qb1+ 57.Kc7 Qe4 58.Kb8 Qe8+ 59.Kb7 Qd7+ 60.Kb8 Qb5+ 61.Kc7 Qa6 62.Kb8 Qb6+
63.Ka8 Qc7  1/2-1/2

[Event "Bundesliga 9798"]
[Site "Germany"]
[Date "1998.??.??"]
[Round "?.5"]
[White "Uhlmann, Wolfgang"]
[Black "Hansen, Curt"]
[Result "0-1"]
[WhiteElo "2485"]
[BlackElo "2600"]

1.c4 e6 2.Nc3 d5 3.d4 c6 4.e3 Nf6 5.Nf3 Nbd7 6.Qc2 Bd6 7.b3 O-O 8.Be2 b6
9.O-O Bb7 10.Bb2 Qe7 11.Rad1 Rad8 12.Rfe1 h6 13.e4 Nxe4 14.Nxe4 dxe4 15.Qxe4 Bb4
16.Rf1 Ba3 17.Bc3 Nf6 18.Qe3 Rfe8 19.Ne5 c5 20.Bf3 Qc7 21.Bxb7 Qxb7 22.Rd3 Ne4
23.Ba1 cxd4 24.Rxd4 Rxd4 25.Qxd4 f6 26.Nd3 e5 27.Qe3 a5 28.Bb2 Bf8 29.Re1 Rd8
30.Qf3 Nc5 31.Nxc5 Qxf3 32.gxf3 Bxc5 33.Kf1 Bb4 34.Re2 Rd1+ 35.Kg2 Kf7 36.Rc2 Ke6
37.Bc1 Bc5 38.f4 e4 39.Be3 Bxe3 40.fxe3 g5 41.c5 bxc5 42.Rxc5 gxf4 43.exf4 Rd5
44.Rc3 Rd2+ 45.Kg3 Kd5 46.Rc8 Kd4 47.Rf8 Rxa2 48.Rxf6 Ra3 49.Rd6+ Kc5 50.Rd1 Rxb3+
51.Kg4 a4 52.f5 Rf3 53.Rd8 Rf1 54.Rc8+ Kd4 55.Rd8+ Kc4 56.Rc8+ Kb3 57.Rb8+ Kc3
58.Rc8+ Kb2 59.Rb8+ Kc3 60.Rc8+ Kd3 61.Rd8+ Ke3 62.Ra8 Rf4+ 63.Kh5 Rxf5+
64.Kxh6 Kf3 65.Rxa4 e3 66.Ra1 e2 67.h4 Kg4 68.Re1 Re5  0-1

[Event "BL2-W9798"]
[Site "Germany"]
[Date "1998.??.??"]
[Round "?.4"]
[White "Meyer, Armin"]
[Black "Fleck, Juergen"]
[Result "1/2-1/2"]
[WhiteElo "2295"]
[BlackElo "2375"]

1.d4 d5 2.c4 c6 3.Nf3 Nf6 4.Nc3 e6 5.e3 Nbd7 6.Bd3 dxc4 7.Bxc4 b5 8.Bd3 b4
9.Ne4 Be7 10.O-O O-O 11.Nxf6+ Nxf6 12.e4 c5 13.e5 Nd7 14.Be4 Rb8 15.Qc2 h6
16.Rd1 Bb7  1/2-1/2

[Event "BL2-W9798"]
[Site "Germany"]
[Date "1998.??.??"]
[Round "?.4"]
[White "Meyer, Armin"]
[Black "Boidman, Yuri"]
[Result "0-1"]
[WhiteElo "2295"]
[BlackElo "2420"]

1.d4 d5 2.c4 c6 3.Nf3 Nf6 4.Nc3 e6 5.e3 Nbd7 6.Bd3 dxc4 7.Bxc4 b5 8.Bd3 a6
9.e4 c5 10.e5 cxd4 11.Nxb5 Ng4 12.Nbxd4 Qa5+ 13.Bd2 Qd5 14.Qe2 Bb7 15.Bc4 Qe4
16.Qxe4 Bxe4 17.Bf4 Bc5 18.Be2 Nxf2 19.Kxf2 Bxf3 20.Bxf3 Bxd4+ 21.Be3 Bxe3+
22.Kxe3 Rc8 23.Rac1 Ke7 24.Rxc8 Rxc8 25.Kd4 Nxe5 26.Kxe5 Rc4 27.Be4 f6+ 28.Kf4 f5
29.Re1 fxe4 30.Re2 Kf6 31.b3 Rd4 32.Rxe4 Rd2 33.Ra4 Rxg2 34.h3 h5 35.Rxa6 h4
36.b4 g5+ 37.Ke4 g4 38.hxg4 Rxg4+ 39.Kf3 h3 40.Kxg4 h2 41.a4 h1=Q 42.b5 Qg2+
43.Kf4 Qe2 44.Kg3 Kf5 45.Kh3 Qf2 46.Rc6 Qf3+ 47.Kh2 Qf4+ 48.Kh3 Qxa4 49.Rc8 Qxb5
50.Rg8 e5 51.Rh8 Qe2 52.Kg3 Ke4 53.Rf8 Ke3 54.Rb8 e4 55.Rb3+ Qd3 56.Rb7 Ke2+
57.Kh2 e3 58.Rb6 Qh7+ 59.Kg1 Qg7+ 60.Kh2 Qc7+  0-1

[Event "BL2-W9798"]
[Site "Germany"]
[Date "1998.??.??"]
[Round "?.4"]
[White "Berresheim, Helmut"]
[Black "Meyer, Armin"]
[Result "1/2-1/2"]
[WhiteElo "2225"]
[BlackElo "2295"]

1.d4 d5 2.c4 c6 3.Nc3 Nf6 4.e3 e6 5.Nf3 Nbd7 6.Bd3 dxc4 7.Bxc4 b5 8.Bd3 b4
9.Na4 Qa5 10.O-O Nb6 11.Nxb6 axb6 12.Ne5 Bb7 13.Qf3 Qd5 14.Qg3 Ba6 15.Bxa6 Rxa6
16.f3 h5 17.b3 h4 18.Qf2 Nd7 19.e4 Qb5 20.Nxd7 Kxd7 21.Rd1 Be7 22.Be3 Rha8
23.Rd2 Ke8 24.Rad1 Rd8 25.Rc1 Raa8 26.Rdc2 Rac8 27.Rc4 Rd7 28.h3 Rdc7 29.Bf4 Rd7
30.Be3 Rdc7 31.Rd1 Rd7 32.Rdc1 Rdc7 33.Kh1 c5 34.Kg1 Qa5 35.Bf4 Rd7 36.Be3 Rdc7
37.Bf4 Ra7 38.R1c2 b5 39.Rxc5 Rxc5 40.dxc5  1/2-1/2

[Event "BL2-W9798"]
[Site "Germany"]
[Date "1998.??.??"]
[Round "?.3"]
[White "Ziegler, Ari"]
[Black "Fleck, Juergen"]
[Result "1/2-1/2"]
[WhiteElo "2440"]
[BlackElo "2375"]

1.d4 d5 2.c4 c6 3.Nc3 Nf6 4.Nf3 e6 5.e3 Nbd7 6.Bd3 dxc4 7.Bxc4 b5 8.Bd3 b4
9.Ne4 Be7 10.O-O O-O 11.Nxf6+ Nxf6 12.e4 c5 13.dxc5 Nd7 14.Be3 Nxc5 15.Bxc5 Bxc5
16.Rc1 Be7 17.Qe2 Qa5 18.Nd4  1/2-1/2

[Event "Bundesliga 9798"]
[Site "Germany"]
[Date "1998.??.??"]
[Round "?.8"]
[White "Schlecht, Daniel"]
[Black "Schaefer, Markus"]
[Result "1/2-1/2"]
[WhiteElo "2270"]
[BlackElo "2420"]

1.d4 d5 2.c4 c6 3.Nf3 Nf6 4.Nc3 e6 5.e3 Nbd7 6.Bd3 dxc4 7.Bxc4 b5 8.Bd3 a6
9.e4 c5 10.d5 Qc7 11.O-O Bb7 12.Bc2 c4 13.dxe6 fxe6 14.Nd4 Nc5 15.Be3 e5
16.Nf3 Be7 17.Ng5 Qc6 18.Nd5 h6 19.Bxc5 Bxc5 20.Ne6 Kf7 21.Nxc5 Qxc5 22.Nxf6 gxf6
23.Qd7+ Qe7 24.Qf5 Qe6 25.Qh5+ Ke7 26.b3 c3 27.b4 Rag8 28.Qe2 Qc4 29.Qxc4 bxc4
30.Rfe1 Rd8 31.Re3 Rd4 32.f3 Rb8 33.Rxc3 Bc8 34.Rb1 Be6 35.a3 Rd2 36.Rd1 Rd4
37.Kf2 Rbd8 38.Ke2 Rg8 39.g3 h5 40.Ke3 Rgd8 41.Re1 h4 42.gxh4 Rh8 43.Bd1 Rxh4
44.Be2 f5 45.exf5 Bxf5 46.Rg1 Be6 47.Rg2  1/2-1/2

[Event "Bundesliga 9798"]
[Site "Germany"]
[Date "1998.??.??"]
[Round "?.5"]
[White "Kachiani Gersinska, Ketino"]
[Black "Thesing, Matthias"]
[Result "1/2-1/2"]
[WhiteElo "2415"]
[BlackElo "2440"]

1.d4 d5 2.c4 c6 3.Nf3 Nf6 4.Nc3 e6 5.e3 Nbd7 6.Qc2 Bd6 7.Bd3 O-O 8.O-O e5
9.cxd5 cxd5 10.e4 exd4 11.Nxd5 Nxd5 12.exd5 h6 13.Nxd4 Qh4 14.Nf3 Qh5 15.Bh7+ Kh8
16.Qf5 g5 17.h4 Nb6 18.Qf6+ Kxh7 19.Qxd6 Bg4 20.hxg5 Bxf3 21.gxf3 hxg5 22.Kg2 g4
23.fxg4 Qxg4+ 24.Qg3 Qxg3+ 25.Kxg3 Rg8+ 26.Kf3 Rg6 27.Bf4 Nxd5 28.Rh1+ Kg7
29.Be5+ f6 30.Bg3 Re8 31.Rh4 Rg5 32.Rah1 Kf7 33.Rh7+ Rg7 34.R7h5 Ne7 35.Rb5 b6
36.Rd1 Nc6 37.Rd6 Re6 38.Rbd5 Nb4 39.Rd1 Rxd6 40.Bxd6 Nc6 41.Re1 Nd4+ 42.Ke4 Ke6  1/2-1/2

[Event "Oberliga Nord O9798"]
[Site "Germany"]
[Date "1998.??.??"]
[Round "?"]
[White "Jacobs, Joachim"]
[Black "Kimpinsky, Frank"]
[Result "0-1"]
[WhiteElo "2205"]
[BlackElo "2270"]

1.d4 d5 2.Nf3 Nf6 3.c4 c6 4.e3 e6 5.Nc3 Nbd7 6.Qc2 a6 7.e4 Nxe4 8.Nxe4 dxe4
9.Qxe4 c5 10.Be2 Nf6 11.Qh4 cxd4 12.Qxd4 Bb4+ 13.Bd2 Qxd4 14.Nxd4 Bxd2+ 15.Kxd2 e5
16.Nc2 Bf5 17.f3 O-O-O+ 18.Kc3 Rd6 19.Rad1 Rhd8 20.Ne3 Be6 21.Rxd6 Rxd6 22.Rd1 Rxd1
23.Bxd1 g6 24.a3 Ne8 25.b4 f5 26.Bb3 f4 27.Nf1 Nd6 28.c5 Nb5+ 29.Kb2 Kd7
30.Nd2 Nd4 31.Bc4 Nf5 32.Kc3 Ne3 33.Bxe6+ Kxe6 34.g3 fxg3 35.hxg3 h5 36.Kd3 Nf5
37.Ne4 Nd4 38.Nd6 b5 39.Ke4 Nc2 40.Nb7 Nxa3 41.c6 Nc4 42.f4 Nd6+ 43.Kf3 Nf7
44.Ke4 exf4 45.Kxf4 Ke7 46.Ke4 Nd8 47.Kd5 Ne6 48.Nd6 g5 49.Ke5 Nc7 50.Nf5+ Kd8
51.Kd4 Ne8 52.Kc5 Kc7 53.Kd5 Nf6+ 54.Ke5 Ng4+ 55.Kd5 Nf2 56.Nd4 h4 57.gxh4 gxh4
58.Ne6+ Kc8 59.Ng5 h3 60.Nxh3 Nxh3 61.Kd6 Nf4  0-1

[Event "Bundesliga 9798"]
[Site "Germany"]
[Date "1998.??.??"]
[Round "?.6"]
[White "Gabriel, Christian"]
[Black "Hansen, Curt"]
[Result "1/2-1/2"]
[WhiteElo "2575"]
[BlackElo "2600"]

1.d4 Nf6 2.c4 e6 3.Nf3 d5 4.Nc3 c6 5.e3 Nbd7 6.Bd3 dxc4 7.Bxc4 b5 8.Bd3 b4
9.Ne4 Be7 10.Nxf6+ Nxf6 11.e4 Bb7 12.Qe2 Nd7 13.O-O O-O 14.Rd1 Qc7 15.Be3 Rac8
16.Rac1 Qb8 17.Nd2 c5 18.Nb3 cxd4 19.Bxd4 h6 20.Bb5 Rxc1 21.Rxc1 Rd8 22.f3 Bd6
23.g3 Be5 24.Bf2 Bf6 25.Kg2 Ne5 26.Nc5 g5 27.Rc2 a5 28.a3 Kg7 29.axb4 axb4
30.Ba4 Ba8 31.Na6 Qd6 32.Bc5 Qd1 33.Qxd1 Rxd1 34.Nc7 Ra1 35.b3 Nd3 36.Bf2 Rxa4
37.bxa4 b3 38.Rd2 b2 39.Rxb2 Nxb2  1/2-1/2

[Event "Oberliga Ost A9798"]
[Site "Germany"]
[Date "1998.??.??"]
[Round "?.2"]
[White "Enigk, Frank"]
[Black "Kregelin, Jan"]
[Result "1/2-1/2"]
[WhiteElo "2220"]
[BlackElo "2220"]

1.d4 d5 2.c4 c6 3.Nf3 Nf6 4.Nc3 e6 5.e3 Nbd7 6.Qc2 Bd6 7.Be2 O-O 8.O-O e5
9.cxd5 cxd5 10.Nb5 Bb8 11.Rd1 e4 12.Nd2 Re8 13.Nf1 Nf8 14.Bd2 Ng4 15.Rdc1 Nxh2
16.Nxh2 Bxh2+ 17.Kxh2 Qh4+ 18.Kg1 Re6 19.Qc7 Rh6 20.f3 Ne6 21.Qe5 Bd7 22.Nc7 exf3
23.Bxf3 Ng5 24.Kf1 Nxf3 25.gxf3 Qh1+ 26.Ke2 Qg2+ 27.Kd3 Rh2 28.Qxh2 Bf5+
29.Kc3 Qxh2  1/2-1/2

[Event "Bundesliga 9798"]
[Site "Germany"]
[Date "1998.??.??"]
[Round "?.3"]
[White "Kempinski, Robert"]
[Black "Mueller, Matthias"]
[Result "1-0"]
[WhiteElo "2530"]
[BlackElo "2400"]

1.d4 d5 2.Nf3 Nf6 3.c4 e6 4.Nc3 c6 5.e3 Nbd7 6.Qc2 Bd6 7.g4 dxc4 8.Bxc4 b5
9.Be2 Bb7 10.Bd2 Rc8 11.g5 Nd5 12.Ne4 Be7 13.Nc5 Nxc5 14.dxc5 Bxg5 15.O-O-O Bh6
16.Kb1 Qe7 17.h4 e5 18.Ng5 Bxg5 19.hxg5 g6 20.e4 Nf4 21.Bxf4 exf4 22.Qc3 Rf8
23.Bg4 Rc7 24.Qd2 Bc8 25.Bxc8 Rxc8 26.Qxf4 Qxc5 27.Rd6 Rd8 28.Rhd1 Rxd6 29.Rxd6 f5
30.gxf6 g5 31.Qd2 Kf7 32.a3 Kg6 33.f4 Rxf6 34.f5+ Kf7 35.Rd7+ Ke8 36.Rd8+ Kf7
37.Qxg5 Ke7 38.Qg8 Rf7 39.Re8+  1-0

[Event "Bundesliga 9798"]
[Site "Germany"]
[Date "1998.??.??"]
[Round "?.4"]
[White "Kachiani Gersinska, Ketino"]
[Black "Tischbierek, Raj"]
[Result "1/2-1/2"]
[WhiteElo "2415"]
[BlackElo "2515"]

1.d4 d5 2.c4 c6 3.Nf3 Nf6 4.Nc3 e6 5.e3 Nbd7 6.Qc2 b6 7.Bd3 Bb7 8.O-O Be7
9.b3 Qc7 10.Bb2 Rd8 11.Rad1 h6 12.Qe2 O-O 13.Ne5 Nxe5 14.dxe5 Nd7 15.f4 dxc4
16.Bxc4 b5 17.Bd3 Nc5 18.Bb1 Rxd1 19.Rxd1 Rd8 20.b4 Rxd1+ 21.Qxd1 Nd7 22.Qc2 g6
23.Nxb5 Qb6 24.Nd6 Qxe3+ 25.Qf2 Qxf2+ 26.Kxf2 Bxd6 27.exd6 Kf8 28.Be4 Nb6
29.Bd4 Ke8 30.g4 Kd7 31.Bg7 Kxd6 32.Bxh6 f5 33.Bf3 Ke7 34.Bg5+ Kf7 35.gxf5 exf5
36.Ke3 Ke6 37.b5 Nd5+  1/2-1/2

[Event "Bundesliga 9798"]
[Site "Germany"]
[Date "1998.??.??"]
[Round "?.5"]
[White "Bunzmann, Dimitrij"]
[Black "Mueller, Matthias"]
[Result "1-0"]
[WhiteElo "2370"]
[BlackElo "2400"]

1.d4 d5 2.c4 e6 3.Nf3 Nf6 4.e3 c6 5.Nc3 Nbd7 6.Qc2 Bd6 7.Bd2 O-O 8.O-O-O b5
9.e4 b4 10.e5 bxc3 11.Bxc3 Ba6 12.exf6 Nxf6 13.c5 Bxf1 14.Rhxf1 Bc7 15.Kb1 Ne4
16.Nd2 Nxd2+ 17.Rxd2 Rb8 18.Rd3 Ba5 19.Rfd1 Bxc3 20.Rxc3 Rb4 21.Rh3 h6 22.Qd2 a5
23.a3 Rb7 24.Ka2 Qa8 25.g4 Rfb8 26.b3 Qa6 27.Qc2 f6 28.f4 Rf7 29.Re1 Re8
30.Rhe3 Rfe7 31.h4 Kf7 32.g5 f5 33.Rxe6 Rxe6 34.Qxf5+ Kg8 35.Rxe6 Rf8 36.Qc2 Rxf4
37.gxh6 Rxh4 38.Qg2 Qb7 39.hxg7 Qb8 40.Rf6 Rf4 41.Rh6  1-0

[Event "Bundesliga 9798"]
[Site "Germany"]
[Date "1998.??.??"]
[Round "?.5"]
[White "Dinstuhl, Volkmar"]
[Black "Pichler, Juergen"]
[Result "0-1"]
[WhiteElo "2410"]
[BlackElo "2395"]

1.d4 d5 2.c4 c6 3.Nc3 Nf6 4.e3 e6 5.Nf3 Nbd7 6.Bd3 Bd6 7.O-O O-O 8.e4 dxc4
9.Bxc4 e5 10.Bg5 Qe7 11.Qe2 Re8 12.Rad1 exd4 13.Nxd4 Ne5 14.Bb3 Bc5 15.f3 h6
16.Be3 Ng6 17.Rfe1 Bb6 18.Qf2 Kh7 19.Kh1 Bd7 20.Qf1 Bc7 21.Nf5 Qe5 22.g3 Bxf5
23.Bd4 Qa5 24.exf5 Qxf5 25.Bxf7 Rxe1 26.Rxe1 Rd8 27.Be6 Qh5 28.Bxf6 gxf6
29.Ne4 Kg7 30.f4 Ba5 31.Rc1 Rd4 32.Rc5 Qd1 33.Qxd1 Rxd1+ 34.Kg2 Bb6 35.Rc2 Nf8
36.Bg4 Rd4 37.Nd2 Bc7 38.Nf3 Rd5 39.Re2 Bd6 40.Nh4 Bc5 41.Bf3 Rd7 42.Nf5+ Kg6
43.Be4 h5 44.Kh3 a5 45.b3 Bb4 46.Kh4 c5 47.Nd6+ Kh6 48.Nxb7 f5 49.Bc6 Ng6+
50.Kh3 Rd3 51.Kg2 h4 52.Re6 Kg7 53.Bb5 h3+ 54.Kf2 Rd2+ 55.Re2 Rd1 56.Rc2 Ne7
57.Nxc5 Rh1 58.Kf3 Bxc5 59.Rxc5 Rxh2 60.Re5 Kf8 61.Re2 Rh1 62.Rd2 Rc1 63.Bd3 Rc3
64.Kf2 Rc1 65.Ke3 Rh1 66.Kf3 Kg7 67.g4 h2 68.Kg2  0-1

[Event "Bundesliga 9798"]
[Site "Germany"]
[Date "1998.??.??"]
[Round "?.5"]
[White "Gabriel, Christian"]
[Black "Thesing, Matthias"]
[Result "1-0"]
[WhiteElo "2575"]
[BlackElo "2440"]

1.d4 d5 2.c4 e6 3.Nf3 Nf6 4.Nc3 c6 5.e3 Nbd7 6.Bd3 a6 7.e4 dxc4 8.Bxc4 c5
9.e5 Ng4 10.Ng5 cxd4 11.Qxg4 Nxe5 12.Qf4 dxc3 13.Qxe5 f6 14.Qxc3 fxg5 15.Be3 Bd7
16.O-O Rc8 17.Qb3 Rc6 18.Be2 b5 19.Bd4 h5 20.Rad1 Qe7 21.Bf3 Rc4 22.Rfe1 Qb4
23.Qd3 Rxd4 24.Qxd4 Qxd4 25.Rxd4 Bc5 26.Rd3 g4 27.Bc6  1-0

[Event "Oberliga Nord O9798"]
[Site "Germany"]
[Date "1998.??.??"]
[Round "?"]
[White "Trenner, Rolf"]
[Black "Kleeschaetzky, Rainer"]
[Result "1-0"]
[WhiteElo "2245"]
[BlackElo "2330"]

1.d4 d5 2.c4 c6 3.Nf3 Nf6 4.Nc3 e6 5.e3 Nbd7 6.Qc2 Bd6 7.b3 O-O 8.Bd3 Re8
9.O-O Qe7 10.Bb2 dxc4 11.Bxc4 b5 12.Be2 Bb7 13.Ne4 Nxe4 14.Qxe4 a6 15.Rfd1 Rad8
16.Rac1 f5 17.Qc2 Rc8 18.Qd3 Red8 19.a4 Nb6 20.Bc3 Nd5 21.Ba5 Rf8 22.Ne1 Rf6
23.Bf3 h5 24.Qe2 h4 25.Nd3 g5 26.Nc5 Bxc5 27.Rxc5 g4 28.Bxd5 exd5 29.Rdc1 Qe6
30.Qd3 Re8 31.Bd2 Qf7 32.R5c2 Qg6 33.Ra1 h3 34.g3 Rf7 35.Rac1 Re6 36.Rc5 Rf8
37.R5c2 Bc8 38.Kf1 Bd7 39.Rc5 Qf6 40.Kg1 Re4 41.Be1 Rfe8 42.Kf1 R8e6 43.Bd2 Be8
44.Qc2 Rd6 45.Kg1 Ree6 46.Ba5 Re4 47.Bc7 Rde6 48.Bf4 Bd7 49.Ra1 Re8 50.Kf1 R4e6
51.Qd3 Bc8 52.Rac1 Bb7 53.Qd1 Kf7 54.R1c2 Rc8 55.f3 Qg6 56.Rf2 Kg8 57.Be5 Rf8
58.Rcc2 Ree8 59.Qd3 Qe6 60.Kg1 Bc8 61.Rc1 Bd7 62.Rcf1 Qh6 63.fxg4 fxg4 64.Rf6 Rxf6
65.Rxf6 Qh5 66.Rg6+ Kf7 67.Qf1+ Kxg6 68.Qf6+ Kh7 69.Qg7+  1-0

[Event "Oberliga Nord O9798"]
[Site "Germany"]
[Date "1998.??.??"]
[Round "?"]
[White "Kiesekamp, Marcos"]
[Black "Kyritz, Michael"]
[Result "1-0"]
[WhiteElo "2170"]
[BlackElo "2270"]

1.d4 Nf6 2.c4 c6 3.Nc3 d5 4.Nf3 e6 5.e3 Nbd7 6.Bd3 Be7 7.O-O O-O 8.e4 dxe4
9.Nxe4 b6 10.Qc2 c5 11.dxc5 bxc5 12.Bf4 Bb7 13.Rad1 Qb6 14.Ne5 Nxe5 15.Bxe5 Nxe4
16.Bxe4 Bxe4 17.Qxe4 Rfd8 18.Rde1 Rac8 19.Re3 Rd7 20.Bxg7 Kxg7 21.Rg3+ Kf8
22.Qxh7 Bd8 23.Rg7 Rdc7 24.Qg8+ Ke7 25.Qxf7+ Kd6 26.Rd1+ Kc6 27.Qf3+  1-0

[Event "BL2-N9798"]
[Site "Germany"]
[Date "1998.??.??"]
[Round "4.2"]
[White "Polak, Tomas"]
[Black "Tomczak, Rainer"]
[Result "1-0"]
[WhiteElo "2470"]
[BlackElo "2325"]

1.d4 Nf6 2.c4 e6 3.Nf3 d5 4.Nc3 c6 5.e3 Nbd7 6.Qc2 Bd6 7.Bd3 O-O 8.O-O dxc4
9.Bxc4 e5 10.a3 Qe7 11.h3 h6 12.Nh4 Nb6 13.Ba2 Be6 14.Nf5 Qd7 15.Nxd6 Qxd6
16.Bb1 Bc4 17.Rd1 Rad8 18.b3 Be6 19.Bb2 e4 20.a4 Rfe8 21.Ba3 Qd7 22.Nxe4 Nxe4
23.Qxe4 g6 24.Qh4 Bxb3 25.Re1 Kh7 26.a5 Nd5 27.e4 Ne7 28.Qg3 Bc4 29.Bc5 Nc8
30.Qc3 Be6 31.Rd1 b6 32.Ba3 Nd6 33.Bd3 f5 34.f3 fxe4 35.fxe4 Nf7 36.Bb2 Bxh3
37.gxh3 Qxh3 38.Bf1 Qg4+ 39.Bg2 Rxe4 40.Rf1 Re2 41.Rxf7+ Kg8 42.Rf2  1-0

[Event "NRW-Liga 9798"]
[Site "Germany"]
[Date "1998.??.??"]
[Round "5"]
[White "Wisskirchen, Andreas"]
[Black "Doennebrink, Elmar"]
[Result "1/2-1/2"]
[WhiteElo "2300"]
[BlackElo "2170"]

1.d4 d5 2.Nf3 Nf6 3.c4 e6 4.Nc3 c6 5.e3 Nbd7 6.Qc2 Be7 7.Be2 dxc4 8.Bxc4 b5
9.Be2 Bb7 10.O-O a6 11.Ne4 Qb6 12.Nxf6+ Nxf6 13.a4 O-O 14.Qb3 c5 15.axb5  1/2-1/2

[Event "NRW-Liga 9798"]
[Site "Germany"]
[Date "1998.??.??"]
[Round "5.5"]
[White "Peschel, Andreas"]
[Black "Balster, Stefan"]
[Result "1/2-1/2"]
[WhiteElo "2145"]
[BlackElo "2300"]

1.c4 e6 2.Nc3 d5 3.d4 Nf6 4.e3 c6 5.Nf3 Nbd7 6.Qc2 Bd6 7.Be2 O-O 8.O-O Re8
9.b3 Qe7 10.Bb2 dxc4 11.bxc4 e5 12.Ne4 Nxe4 13.Qxe4 h6 14.dxe5 Nxe5 15.Nxe5 Bxe5
16.Qxe5 Qxe5 17.Bxe5 Rxe5 18.Rfd1 Bf5 19.Rd6 Kf8 20.Rad1 Ke8 21.R6d4 Re4
22.Rxe4+ Bxe4 23.f3 Bg6 24.Kf2 Rd8  1/2-1/2

[Event "BL2-O9798"]
[Site "Germany"]
[Date "1998.??.??"]
[Round "5.5"]
[White "Meister, Peter"]
[Black "Niedermaier, Hans"]
[Result "1-0"]
[WhiteElo "2395"]
[BlackElo "2275"]

1.d4 d5 2.c4 c6 3.Nf3 Nf6 4.Nc3 e6 5.e3 Nbd7 6.Qc2 a6 7.cxd5 exd5 8.Bd3 Be7
9.O-O O-O 10.Bd2 Re8 11.Ne5 Nxe5 12.dxe5 Ng4 13.Bxh7+ Kh8 14.Bd3 Nxe5 15.Be2 Bg4
16.f3 Bd7 17.Rad1 b5 18.Kh1 Nc4 19.Bc1 Bf6 20.e4 d4 21.Na4 Qe7 22.Bxc4 bxc4
23.Nb6 Be6 24.Nxa8 Rxa8 25.f4 d3 26.Qa4 Qc5 27.f5 Bd7 28.b3 Qb5 29.Qxc4 c5
30.Qxf7  1-0

[Event "BL2-N9798"]
[Site "Germany"]
[Date "1998.??.??"]
[Round "5.3"]
[White "Pajeken, Wolfgang"]
[Black "Lipinsky, Fabian"]
[Result "0-1"]
[WhiteElo "2270"]
[BlackElo "2410"]

1.d4 d5 2.c4 e6 3.Nc3 c6 4.Nf3 Nf6 5.e3 Nbd7 6.Qc2 Bd6 7.b3 O-O 8.Be2 b6
9.O-O Bb7 10.Rd1 Qe7 11.Bb2 Rad8 12.h3 Rfe8 13.e4 dxe4 14.Nxe4 Nxe4 15.Qxe4 f5
16.Qe3 c5 17.Ne5 cxd4 18.Bxd4 f4 19.Qxf4 Rf8 20.Qg3 Rf5 21.f4 Bxe5 22.fxe5 Rg5
23.Bg4 h5 24.Qh4 Re8 25.Bxe6+ Kh8 26.Bg4 Kg8 27.Be6+ Kh7 28.Bg4 Kg6 29.Be3 Rxg4
30.Rd6+ Qxd6 31.hxg4 Rxe5 32.gxh5+ Kh7 33.Qg3 Qd3 34.Re1 Bc6 35.Qf4 Qe4 36.Qf2 Qg4
37.h6 Rf5 38.Qd2 Ne5 39.Rf1 Nf3+ 40.Rxf3 Rxf3 41.Qd3+ Be4  0-1

[Event "BL2-N9798"]
[Site "Germany"]
[Date "1998.??.??"]
[Round "5.2"]
[White "Hegeler, Frank"]
[Black "Lukacs, Peter"]
[Result "0-1"]
[WhiteElo "2330"]
[BlackElo "2515"]

1.d4 Nf6 2.c4 e6 3.Nf3 d5 4.Nc3 c6 5.e3 Nbd7 6.Bd3 dxc4 7.Bxc4 b5 8.Bd3 a6
9.e4 c5 10.d5 Qc7 11.dxe6 fxe6 12.O-O Bb7 13.Qe2 c4 14.Bc2 Bd6 15.Nd4 Qb6
16.Be3 Bc5 17.Rad1 Ne5 18.b4 Bxb4 19.Ndxb5 Qa5 20.Nd6+ Bxd6 21.Rxd6 O-O 22.Bd4 Nh5
23.Nd5 Nf3+ 24.gxf3 exd5 25.f4 dxe4 26.Rb1 Nxf4 27.Qg4 Rf7 28.Rdb6 Raf8 29.Kf1 Qd5  0-1

[Event "BL2-N9798"]
[Site "Germany"]
[Date "1998.??.??"]
[Round "8.4"]
[White "Hess, Christian"]
[Black "Schuettig, Ruediger"]
[Result "1-0"]
[WhiteElo "2305"]
[BlackElo "2240"]

1.d4 d5 2.c4 c6 3.Nc3 Nf6 4.e3 e6 5.Nf3 Bd6 6.Bd3 Nbd7 7.e4 dxe4 8.Nxe4 Nxe4
9.Bxe4 e5 10.O-O O-O 11.dxe5 Nxe5 12.Nxe5 Bxe5 13.Bxh7+ Kxh7 14.Qh5+ Kg8
15.Qxe5 Re8 16.Qc3 Bf5 17.Be3 Qd3 18.Qxd3 Bxd3 19.Rfc1 Re4 20.b3 Re7 21.Rd1 Bf5
22.Rd4 Rd7 23.Rad1 Rxd4 24.Rxd4 a5 25.g4 Be6 26.a4 b5 27.axb5 cxb5 28.cxb5 Rb8
29.b6 Bxb3 30.Rd7 Be6 31.Ra7 Bxg4 32.Kg2 Be6 33.Rxa5 Rb7 34.Kg3 f6 35.h4 Kf7
36.Bc5 Rd7 37.Ra8 Bd5 38.Rf8+ Ke6 39.h5 Kf5 40.Be3 Bb7 41.Re8 Rd1 42.f3 Rd2
43.Rb8 Bd5 44.Rc8 Bb7 45.Rc5+ Ke6 46.Ra5 Bc6 47.Ra3 Bb7 48.Bf4 Kd5 49.Bc7 Kc5
50.Ra5+ Kc6 51.Kf4 Rd3 52.Kf5 Kd7 53.Kg6 Ke6 54.Kxg7 Bxf3 55.h6 Rd7+ 56.Kg8 Be4
57.Ra4 Bh7+ 58.Kh8 Bc2 59.b7 Bxa4 60.b8=Q Kf5 61.Qb1+ Kg5 62.Qc1+ Kg6 63.Kg8 Re7
64.Qg1+ Kxh6 65.Qh2+ Kg6 66.Qg3+ Kf5 67.Qf4+ Ke6 68.Qd6+  1-0

[Event "Ruhr-ch Seniors 5th"]
[Site "Germany"]
[Date "1998.??.??"]
[Round "8"]
[White "Krueger, Erich"]
[Black "Biermann, Klaus"]
[Result "1-0"]
[WhiteElo "2155"]
[BlackElo "2025"]

1.d4 d5 2.c4 c6 3.Nf3 Nf6 4.Nc3 e6 5.e3 Nbd7 6.Bd3 Be7 7.O-O O-O 8.b3 b6
9.Bb2 Bb7 10.Qe2 c5 11.Rad1 cxd4 12.exd4 Rc8 13.Ne5 Qc7 14.f4 Rfe8 15.cxd5 Bxd5
16.Nxd5 exd5 17.Ba6 Rcd8 18.Rc1 Qd6 19.Nc6 Bf8 20.Qd1 Nb8 21.Nxd8 Nxa6 22.Nc6 Re4
23.Ne5 g6 24.f5 Nb8 25.fxg6 hxg6 26.Rc8 Nbd7 27.Qf3 Qe6 28.Ba3 Rxe5 29.dxe5 Ne4
30.Qf4 Kg7 31.Bxf8+ Nxf8 32.Rc6 Qd7 33.Rd6 Nxd6 34.Qf6+ Kg8 35.exd6 Qe6 36.Qxe6 fxe6
37.Rf6  1-0

[Event "BL2-N9798"]
[Site "Germany"]
[Date "1998.??.??"]
[Round "8.2"]
[White "Hegeler, Frank"]
[Black "Tomczak, Rainer"]
[Result "1/2-1/2"]
[WhiteElo "2330"]
[BlackElo "2325"]

1.d4 Nf6 2.Nf3 e6 3.c4 d5 4.Nc3 c6 5.e3 Nbd7 6.Bd3 Bd6 7.e4 dxe4 8.Nxe4 Nxe4
9.Bxe4 O-O 10.O-O e5 11.Bg5 f6 12.Bh4 exd4 13.Qxd4 Ne5 14.Rad1 Nxf3+ 15.Bxf3 Bc7
16.Qc5 Qe8 17.Rfe1 Be6 18.Bg3 Bxg3 19.hxg3 Qf7 20.b3 a6 21.Re3  1/2-1/2

[Event "NRW-Liga 9798"]
[Site "Germany"]
[Date "1998.??.??"]
[Round "9.2"]
[White "Riemersma, Liafbern"]
[Black "Freckmann, Mark"]
[Result "0-1"]
[WhiteElo "2455"]
[BlackElo "2270"]

1.d4 d5 2.c4 e6 3.Nc3 c6 4.e3 Nf6 5.Nf3 Bd6 6.Bd3 Nbd7 7.e4 dxe4 8.Nxe4 Nxe4
9.Bxe4 Nf6 10.Bc2 c5 11.O-O O-O 12.Qd3 cxd4 13.Bg5 Re8 14.Bxf6 Qxf6 15.Qxh7+ Kf8
16.Rfe1 Rd8 17.Rad1 Bc7 18.Qe4 d3 19.Rxd3 Rxd3 20.Qxd3 Qxb2 21.Nd4 Qb4 22.Rd1 g6
23.Nb5 Be5 24.Qe3 Bf6 25.Nd6 Qc3 26.Qe2 Be7 27.h3 Qa3 28.Qe5 f6 29.Qh2 g5
30.h4 Qc5 31.Ne4 Qxc4 32.hxg5 fxg5 33.Qh8+ Kf7 34.Qh7+ Kf8  0-1

[Event "Ruhr-ch Seniors 5th"]
[Site "Germany"]
[Date "1998.??.??"]
[Round "9"]
[White "Mader, Josef"]
[Black "Rose, H."]
[Result "1/2-1/2"]
[WhiteElo "1685"]
[BlackElo "1715"]

1.d4 Nf6 2.c4 c6 3.Nc3 d5 4.Nf3 e6 5.e3 Bb4 6.Bd2 O-O 7.Be2 Re8 8.O-O Nbd7
9.a3 Bf8 10.b4 dxc4 11.Bxc4 Nb6 12.Ba2 Bd6 13.e4 e5 14.Bg5 Bg4 15.d5 h6 16.Bxf6 Qxf6
17.Qd3 Bxf3 18.Qxf3 Qxf3 19.gxf3 cxd5 20.Nxd5 Nxd5 21.Bxd5 Rab8 22.Rfd1 Red8
23.b5 b6 24.a4 Bb4 25.Rac1 Bc5 26.Bc6 Rd4 27.Ra1 Rbd8 28.Bd5 Kf8 29.Rxd4 Bxd4  1/2-1/2